MARC

LEADER 00000nam0a2200000 4500
001 299033
005 20231102001149.0
020 |a RU  |b 82-55975 
035 |a (RuTPU)RU\TPU\book\324185 
090 |a 299033 
100 |a 20150624d1982 k y0rusy5003 ca 
101 0 |a rus 
102 |a UA 
105 |a ab z 001zy 
200 1 |a Тектонические условия образования полезных ископаемых осадочного чехла Украинского щита  |f А. А. Гойжевский  |g Академия наук Украинской ССР (АН УССР), Институт геохимии и физики минералов 
210 |a Киев  |c Наукова думка  |d 1982 
215 |a 180 с.  |c ил. 
320 |a Библиогр.: с. 175-179 
606 1 |a Месторождения полезных ископаемых  |x Геология  |2 stltpush  |3 (RuTPU)RU\TPU\subj\42231  |9 61918 
606 1 |a Тектоника  |2 stltpush  |3 (RuTPU)RU\TPU\subj\58770  |9 76521 
610 1 |a осадочный чехол 
610 1 |a Украинский щит 
610 1 |a образование 
610 1 |a распределение 
610 1 |a тектонические движения 
610 1 |a осадочные полезные ископаемые 
610 1 |a осадконакопление 
610 1 |a фациальные условия 
675 |a 553  |v 3 
675 |a 551.24  |v 3 
700 1 |a Гойжевский  |b А. А.  |g Александр Александрович 
712 0 2 |a Академия наук Украинской ССР (АН УССР)  |b Институт геохимии и физики минералов  |2 stltpush  |3 (RuTPU)RU\TPU\col\13747 
801 0 |a RU  |b RuMRKP  |c 19950704  |g psbo 
801 1 |a RU  |b 63413507  |c 20150624 
801 2 |a RU  |b 63413507  |c 20180705  |g RCR 
942 |c BK